| Поле | Название | Значение |
| |
Тип записи |
a |
| |
Библиографический уровень |
m |
| 001 |
Контрольный номер |
RU/URAIT/589063 |
| 005 |
Дата корректировки |
20260429163648.4 |
| 008 |
Кодируемые данные |
260429s2026 RU y f j 000 0 rus u |
| 020 |
Индекс ISBN |
__ |
| a |
ISBN |
978-5-534-16442-8 |
| c |
Цена, тираж |
2849.00 |
| 040 |
Источник каталогиз. |
__ |
| a |
Служба первич. каталог. |
ИКО Юрайт |
| c |
Служба, преобразующая запись |
ИКО Юрайт |
| e |
Правила каталог. |
RCR |
| 041 |
Код языка издания |
__ |
| a |
Код языка текста |
rus |
| 044 |
Код страны публикации |
__ |
| a |
Код страны публикации |
RU |
| 080 |
Индекс УДК |
__ |
| a |
Индекс УДК |
33(075.32) |
| 084 |
Индекс другой классификации/Индекс ББК |
__ |
| 2 |
Источник индекса |
rubbk |
| a |
Индекс другой классификации/Индекс ББК |
65я723 |
| 100 |
Автор |
__ |
| a |
Автор |
Сидорович А. В. |
| q |
Полное имя |
Сидорович Александр Владимирович |
| 245 |
Заглавие |
__ |
| a |
Заглавие |
Экономика России |
| b |
Продолж. заглавия |
учебник и практикум для спо |
| c |
Ответственность |
А. В. Сидорович [и др.] ; под редакцией А. В. Сидоровича. |
| 250 |
Сведения об издании |
__ |
| g |
|
пер. и доп |
| a |
Основные сведения об издании |
2-е изд. |
| 256 |
Характеристики компьютерного файла |
__ |
| a |
Характеристики компьютерного файла |
Электрон. дан. |
| 260 |
Выходные данные |
__ |
| a |
Место издания |
Москва |
| b |
Издательство |
Юрайт |
| c |
Дата издания |
2026 |
| 300 |
Физическое описание |
__ |
| a |
Объем |
565 с |
| 440 |
Серия |
__ |
| a |
Серия |
Профессиональное образование |
| 500 |
Примечания |
__ |
| a |
Примечание |
URL: https://urait.ru/bcode/589063 (дата обращения: 29.04.2026). |
| 520 |
Аннотация |
__ |
| a |
Аннотация |
Учебник представляет собой целостное изложение формирования, развития и функционирования национальной экономики (экономической системы России). В учебнике рассматриваются содержание и особенности национальной модели экономики страны. Последовательно и целостно изложены основные проблемы национальной экономики России, такие как этапы становления и развития институтов рынка, формирование новой системы прав собственности, предпринимательство и конкуренция, роль государства в экономике, социальная политика и социально-трудовые отношения, финансовая система, национальное общественное воспроизводство, внешнеэкономическая деятельность и евразийская экономическая интеграция. Соответствует актуальным требованиям федерального государственного образовательного стандарта среднего профессионального образования и профессиональным требованиям. Для студентов образовательных учреждений среднего профессионального образования. Также учебник может быть полезен всем, кто интересуется проблемами развития современной экономики России. |
| 538 |
Прим. о системных особенностях |
__ |
| a |
Прим. о системных особенностях |
Режим доступа: Электронно-библиотечная система Юрайт, для авториз. пользователей |
| 653 |
Ключевые слова |
__ |
| a |
Ключевые слова |
Макроэкономика |
| 653 |
Ключевые слова |
__ |
| a |
Ключевые слова |
Экономические науки |
| 653 |
Ключевые слова |
__ |
| a |
Ключевые слова |
Финансы, денежное обращение и кредит |
| 653 |
Ключевые слова |
__ |
| a |
Ключевые слова |
Экономика России |
| 653 |
Ключевые слова |
__ |
| a |
Ключевые слова |
Российская экономика |
| 653 |
Ключевые слова |
__ |
| a |
Ключевые слова |
Современная российская экономика |
| 653 |
Ключевые слова |
__ |
| a |
Ключевые слова |
Денежное обращение, финансы и кредит |
| 653 |
Ключевые слова |
__ |
| a |
Ключевые слова |
Финансы, деньги, кредит |
| 653 |
Ключевые слова |
__ |
| a |
Ключевые слова |
Финансы, кредит и деньги |
| 700 |
Другие авторы |
__ |
| a |
Другие авторы |
Аксаков А. Г. |
| q |
Полное имя |
Аксаков Анатолий Геннадьевич |
| 700 |
Другие авторы |
__ |
| a |
Другие авторы |
Битюкова В. Р. |
| q |
Полное имя |
Битюкова Виктория Расуловна |
| 700 |
Другие авторы |
__ |
| a |
Другие авторы |
Криничанский К. В. |
| q |
Полное имя |
Криничанский Константин Владимирович |
| 700 |
Другие авторы |
__ |
| a |
Другие авторы |
Кузнецова О. В. |
| q |
Полное имя |
Кузнецова Ольга Владимировна |
| 700 |
Другие авторы |
__ |
| a |
Другие авторы |
Кульков В. М. |
| q |
Полное имя |
Кульков Виктор Михайлович |
| 700 |
Другие авторы |
__ |
| a |
Другие авторы |
Прокофьева М. А. |
| q |
Полное имя |
Прокофьева Маргарита Анатольевна |
| 700 |
Другие авторы |
__ |
| a |
Другие авторы |
Разумов А. А. |
| q |
Полное имя |
Разумов Александр Александрович |
| 700 |
Другие авторы |
__ |
| a |
Другие авторы |
Разумова Т. О. |
| q |
Полное имя |
Разумова Татьяна Олеговна |
| 700 |
Другие авторы |
__ |
| a |
Другие авторы |
Смирнов Н. В. |
| q |
Полное имя |
Смирнов Николай Валериевич |
| 700 |
Другие авторы |
__ |
| a |
Другие авторы |
Тарануха Ю. В. |
| q |
Полное имя |
Тарануха Юрий Васильевич |
| 700 |
Другие авторы |
__ |
| a |
Другие авторы |
Теняков И. М. |
| q |
Полное имя |
Теняков Иван Михайлович |
| 700 |
Другие авторы |
__ |
| a |
Другие авторы |
Хубиев К. А. |
| q |
Полное имя |
Хубиев Кайсын Азретович |
| 700 |
Другие авторы |
__ |
| a |
Другие авторы |
Шокаманов Ю. К. |
| q |
Полное имя |
Шокаманов Юрий Камирович |
| 856 |
Электронный адрес документа |
40 |
| n |
Местонахождение сервера |
Юрайт |
| g |
|
Электронная книга |
| q |
Тип электронного формата |
html |
| h |
Имя пользователя |
ЮРАЙТ |
| v |
Часы доступа к ресурсу |
20271231 |
| 2 |
Способ доступа |
Показать документ |
| x |
Служебное примечание |
https://urait.ru/book/cover/9C1F82E6-2E95-453E-9FBE-3C5DD5190D96 |
| u |
URL |
https://urait.ru/bcode/589063 |
| 856 |
Электронный адрес документа |
48 |
| q |
Тип электронного формата |
cover |
| u |
URL |
https://urait.ru/book/cover/9C1F82E6-2E95-453E-9FBE-3C5DD5190D96 |
| 911 |
|
__ |
| u |
|
0030=https://urait.ru/bcode/589063 |
| 911 |
|
__ |
| u |
|
073a=9785534164428 |
| u |
|
073d=2849.00 |
| 911 |
|
__ |
| u |
|
106a=s |
| 911 |
|
__ |
| u |
|
900l= |
| 952 |
Тип литературы |
__ |
| i |
Дисциплина |
Финансы, денежное обращение и кредит |
| 952 |
Тип литературы |
__ |
| i |
Дисциплина |
Экономика России |
| 952 |
Тип литературы |
__ |
| i |
Дисциплина |
Российская экономика |
| 952 |
Тип литературы |
__ |
| i |
Дисциплина |
Современная российская экономика |
| 952 |
Тип литературы |
__ |
| i |
Дисциплина |
Денежное обращение, финансы и кредит |
| 952 |
Тип литературы |
__ |
| i |
Дисциплина |
Финансы, деньги, кредит |
| 952 |
Тип литературы |
__ |
| i |
Дисциплина |
Финансы, кредит и деньги |